00725cam a22002417a 4500003000500000005001700005008004100022010001000063011001000073020001500083035001000098040000900108082002400117110000800141245016000149260002400309300001000333490004000343650002100383650002000404710001900424830004000443CHAP20220817043812.0010926d2000 mx r 00110 spa d a84852 a85824 a9251045232 a96361 cCHAP04a636.08947bF32 v.100 aFAO10aManual on participatory epidemiology :bmethods for the collection of action-oriented epidemiological intelligencec/by Jeffrey C. Mariner and Roger Paskin aRome :bFAO,c2000. a81 p. 0aFAO. Manual de sanidad animalv; 1014aEpidemiología.14aSanidad animal.0 aPaskin, Roger. 0aFAO. Manual de sanidad animalv; 10